The socio - economic roots of nationalism (Record no. 14010)

000 -LEADER
fixed length control field 00338pab a2200133 454500
008 - FIXED-LENGTH DATA ELEMENTS--GENERAL INFORMATION
fixed length control field 180718b1986 xxu||||| |||| 00| 0 eng d
100 ## - MAIN ENTRY--PERSONAL NAME
Personal name Pozderac, Hamdija
245 ## - TITLE STATEMENT
Title The socio - economic roots of nationalism
260 ## - PUBLICATION, DISTRIBUTION, ETC.
Date of publication, distribution, etc. 1986
300 ## - PHYSICAL DESCRIPTION
Extent 59-84
650 ## - SUBJECT ADDED ENTRY--TOPICAL TERM
Topical term or geographic name entry element Nationalism
773 ## - HOST ITEM ENTRY
Main entry heading Socialist Though and Practice
909 ## -
-- 14010
Holdings
Withdrawn status Lost status Damaged status Not for loan Permanent Location Current Location Date acquired Serial Enumeration / chronology Barcode Date last seen Price effective from Koha item type
        Indian Institute of Public Administration Indian Institute of Public Administration 2018-07-19 Volume no: 26, Issue no: 4 AR14053 2018-07-19 2018-07-19 Articles

Powered by Koha